Adversários do Flamengo na Copa Libertadores - Statistics

Estatísticas Gerais
  • Esse quiz foi jogado 410 vezes
  • A pontuação média é 23 de 43
Estatísticas das Respostas
País Cidade Time % Correto
Argentina Buenos Aires River Plate
99%
Colômbia Barranquilla Junior Barranquilla
97%
Brasil Porto Alegre Grêmio
89%
Brasil Porto Alegre Internacional
88%
Brasil São Paulo São Paulo
88%
Brasil Santos Santos
87%
Brasil Belo Horizonte Cruzeiro
85%
Argentina Lanús Lanús
85%
Brasil Belo Horizonte Atlético Mineiro
83%
Brasil São Paulo Corinthians
82%
Brasil Curitiba Athlético Paranaense
81%
México Cidade do México América
75%
Uruguai Montevidéu Peñarol
74%
Equador Quito LDU
72%
Uruguai Montevidéu Nacional
69%
México León León
65%
Paraguai Assunção Olimpia
65%
Equador Guayaquil Emelec
62%
Colômbia Cali América de Cali
61%
Bolívia La Paz Bolívar
58%
Venezuela Caracas Caracas
58%
Colômbia Medellín Atlético Nacional
56%
Brasil Curitiba Paraná
55%
Bolívia Potosí Real Potosí
53%
Chile Santiago Universidad Católica
52%
Argentina Buenos Aires San Lorenzo
49%
Argentina Buenos Aires Boca Juniors
46%
Colômbia Cali Deportivo Cali
46%
Bolívia Oruro San José
44%
Chile Santiago Universidad de Chile
44%
Paraguai Assunção Cerro Porteño
41%
Chile Calama Cobreloa
40%
Colômbia Bogotá Santa Fe
26%
Colômbia Manizales Once Caldas
22%
Venezuela San Cristóbal Deportivo Táchira
19%
Bolívia Cochabamba Jorge Wilstermann
18%
Peru Cuzco Cienciano
13%
Bolívia Santa Cruz de la Sierra Blooming
10%
Uruguai Montevidéu Defensor Sporting
10%
Peru Tacna Coronel Bolognesi
7%
Uruguai Montevidéu Bella Vista
3%
Venezuela Puerto Ordaz Minervén
3%
Venezuela Maracaibo Unión Maracaibo
3%
Nenhum quiz correspondente encontrado
Distribuição das Pontuações
Porcentagem de Pessoas com Cada Pontuação
Percentil de Números Respondidos
Sua Pontuação Histórica
Você não jogou esse quiz